| 000 | 00460nam a22001937a 4500 | ||
|---|---|---|---|
| 005 | 20230524085926.0 | ||
| 008 | 230524b |||||||| |||| 00| 0 eng d | ||
| 020 | _a9788131712467 | ||
| 082 |
_a621.902 _bKIB-M |
||
| 100 | _aKibbe;Richard.R | ||
| 245 | _aMachine Tool Practices | ||
| 250 | _a8th ed. | ||
| 260 |
_aIndia _bPearson _c2007 |
||
| 300 | _a855 | ||
| 500 | _aIncludes Index | ||
| 650 | _aEngineering | ||
| 700 | _aRichard R.Kibbe | ||
| 999 |
_c18438 _d18438 |
||